00536nam a2200193Ia 4500003000400000005001700004008004100021020002200062040000700084041000800091082002100099100001800120245009400138250000600232260005000238300001600288365001300304650002500317OSt20230408103024.0210423s2015 xx 000 0 und d a978-0-19-874746-8 cAL aeng a658.4 223bTRIC aTRICKER (Bob) aCorporate governance: principles policies and practices Ed 3bInternational third edition a3 aUnited KingdombOxford University Pressc2015 axvi,408bPB b695cINR aExecutive Management